Cognitive factors that influence in the reading comprehension of advanced english students at Universidad Católica de El Salvador, Centro Regional de Ilobasco (Registro nro. 27483)
[ vista simple ]
| 000 -CABECERA | |
|---|---|
| Longitud fija campo de control | 00996nam a22002057a 4500 |
| 003 - IDENTIFICADOR DELl NÚMERO DE CONTROL | |
| Identificador del número de control | OSt |
| 005 - FECHA Y HORA DE LA ÚLTIMA TRANSACCIÓN | |
| Fecha y hora de la última transacción | 20170403094309.0 |
| 008 - CÓDIGOS DE INFORMACIÓN DE LONGITUD FIJA | |
| Códigos de información de longitud fija | 150409b2013 slv spa |
| 040 ## - FUENTE DE LA CATALOGACIÓN | |
| Centro transcriptor | CRI |
| 082 ## - NÚMERO DE LA CLASIFICACIÓN DECIMAL DEWEY | |
| Númeroo de clasificación | 001.4 |
| 100 ## - PUNTO DE ACCESO PRINCIPAL-NOMBRE DE PERSONA | |
| 9 (RLIN) | 40998 |
| Nombre de persona | Hernández Arias, Reyna Aracely |
| 245 10 - MENCIÓN DE TÍTULO | |
| Título | Cognitive factors that influence in the reading comprehension of advanced english students at Universidad Católica de El Salvador, Centro Regional de Ilobasco. |
| Resto del título | : Investigación |
| Mención de responsabilidad, etc. | Reyna Arecely Hernández Arias, Tania Vanessa Pérez de Paz |
| 260 ## - PUBLICACIÓN, DISTRIBUCIÓN, ETC. (PIE DE IMPRENTA) | |
| Lugar de publicación, distribución, etc. | Ilobasco (Cabañas) |
| Nombre del editor, distribuidor, etc. | Universidad Católica de El Salvador |
| Fecha de publicación, distribución, etc. | 2015 |
| 300 ## - DESCRIPCIÓN FÍSICA | |
| Extensión | 93 p. |
| Dimensiones | 27.5 cm |
| Material anejo | + 1 disco compacto |
| 502 ## - NOTA DE TESIS | |
| Nota de tesis | Trabajo de Graduación para optar al título de Licenciado en Ciencias de la educación con especialidad en idioma inglés. |
| 650 #0 - PUNTO DE ACCESO ADICIONAL DE MATERIA - TÉRMINO DE MATERIA | |
| 9 (RLIN) | 2258 |
| Término de materia o nombre geográfico como elemento inicial | Investigación |
| 700 ## - PUNTO DE ACCESO ADICIONAL - NOMBRE DE PERSONA | |
| 9 (RLIN) | 40999 |
| Nombre de persona | Pérez de Paz, Tania Vanessa |
| 710 ## - PUNTO DE ACCESO ADICIONAL - NOMBRE DE ENTIDAD | |
| 9 (RLIN) | 40915 |
| Nombre de entidad o nombre de jurisdicción como elemento inicial | Universidad Católica de El Salvador |
| Unidad subordinada | Centro Regional de Ilobasco |
| 942 ## - ENTRADA DE ELEMENTOS AGREGADOS (KOHA) | |
| Fuente de clasificaión o esquema | Dewey Decimal Classification |
| Koha [por defecto] tipo de item | 4- Trabajo de Graduación |
| Parte de clasificación | prozim |
| Suprimido | Perdido | Fuente de clasificación o esquema | Estropeado | Restricciones de uso | No para préstamo | Código de colección | Localización permanente | Localización actual | Localización en estanter&íacute;as | Fecha adquisición | Fuente de adquisición | Número de inventario | Préstamos totales | Renovaciones totales | Signatura completa | Código de barras | Fecha última consulta | Fecha último préstamo | Fecha del precio de reemplazo | Tipo de item de Koha |
|---|---|---|---|---|---|---|---|---|---|---|---|---|---|---|---|---|---|---|---|---|
| NULL | NULL | Dewey Decimal Classification | NULL | Prestable | NULL | NULL | Biblioteca Centro Regional de Ilobasco | Biblioteca Centro Regional de Ilobasco | Sala Principal | 16/07/2015 | CRI | 000012 | 3 | 1 | IN-000012 | 1041291 | 22/08/2018 | 21/08/2018 | 03/04/2017 | 4- Trabajo de Graduación |